Library Banner

Moving beyond your parents' divorce (Record no. 2226)

MARC details
000 -LEADER
fixed length control field 00531nam a2200181Ia 4500
001 - CONTROL NUMBER
control field 1916
008 - FIXED-LENGTH DATA ELEMENTS--GENERAL INFORMATION
fixed length control field 140313s9999 xx 000 0 und d
020 ## - INTERNATIONAL STANDARD BOOK NUMBER
International Standard Book Number 0071402489
040 ## - CATALOGING SOURCE
Transcribing agency PK-LaUMT
082 ## - DEWEY DECIMAL CLASSIFICATION NUMBER
Classification number 306.89
Item number KRA-M
100 ## - MAIN ENTRY--PERSONAL NAME
Personal name Mel Krantzler
245 ## - TITLE STATEMENT
Title Moving beyond your parents' divorce
Statement of responsibility, etc Mel Krantzler<>Patricia Biondi Krantzler
260 ## - PUBLICATION, DISTRIBUTION, ETC. (IMPRINT)
Place of publication, distribution, etc Chicago,USA:
Name of publisher, distributor, etc Contemporary Books,
Date of publication, distribution, etc 2003
300 ## - PHYSICAL DESCRIPTION
Extent 166 p.
650 ## - SUBJECT ADDED ENTRY--TOPICAL TERM
Topical term or geographic name as entry element Adult children of divorced parents-Attitudes
700 ## - ADDED ENTRY--PERSONAL NAME
Personal name Patricia Biondi Krantzler
942 ## - ADDED ENTRY ELEMENTS (KOHA)
Koha item type Books
Holdings
Withdrawn status Lost status Damaged status Not for loan Home library Current library Date acquired Total Checkouts Full call number Barcode Date last seen Price effective from Koha item type
        UMT Main Campus UMT Main Campus 2014-03-13   306.89 KRA-M 35503 2014-03-13 2014-03-13 Books